| 000 | 00717nam a22002297a 4500 | ||
|---|---|---|---|
| 999 |
_c16205 _d16205 |
||
| 003 | AR-CdUCM | ||
| 008 | 190502b ||||| |||| 00| 0 spa d | ||
| 020 | _a9972-891-67-4 | ||
| 040 |
_aMUNICIPALIDAD PROVINCIAL DEL CUSCO _cBIBLIOTECA MUNICIPAL DEL CUSCO |
||
| 082 |
_aEP / 030.370 / _bL59 |
||
| 245 | _aEl libro de los valores / | ||
| 260 |
_aLima : _bEl Comercio. |
||
| 300 |
_a271 páginas ; _bilustraciones, _c29 cm. |
||
| 500 | _aHershey´s. | ||
| 650 |
_aAprendizaje _92143 |
||
| 650 |
_aTexto infantil _929090 |
||
| 650 |
_aValores _95705 |
||
| 700 |
_aRoca Rey Miró Quesada, Bernardo (prólogo) _935501 |
||
| 710 |
_aCasa Editora El Tiempo. _935502 |
||
| 942 |
_2ddc _cLIBROS |
||
| 945 |
_aachl _d2019-05-02 |
||